| 000 | 00561nam a2200181 i 4500 | ||
|---|---|---|---|
| 001 | 61799 | ||
| 003 | ES-MaACL | ||
| 005 | 20230906164538.0 | ||
| 007 | t| | ||
| 008 | 031113s1980 sp ||||1| spa d | ||
| 100 | 1 |
_aFarrington, Benjamín. _948903 |
|
| 245 | 1 | 0 |
_aCiencia y política en el mundo antiguo / _cBenjamín Farrington ;[traducción Domingo Plácido Suárez]. |
| 250 | _a[4ª ed.]. | ||
| 260 |
_a[Madrid] : _bAyuso, _c[1980] |
||
| 300 |
_a254 p. ; _c18 cm. |
||
| 700 | 1 |
_aSuárez, Domingo Plácido. _9142590 |
|
| 852 |
_aES-MaACL _jC-47103 _bR.101378 |
||
| 999 |
_c61799 _d61799 |
||